| 000 | 00413nam a2200145 4500 | ||
|---|---|---|---|
| 001 | 118670 | ||
| 003 | ES-MaACL | ||
| 005 | 20230906191141.0 | ||
| 007 | t| | ||
| 008 | 070214s1919 sp r ||||1| spa d | ||
| 100 | 1 |
_aPérez Bua, Manuel. _990679 |
|
| 245 | 1 | 4 |
_aLas reformas de Carlos III en el régimen local de España / _cManuel Pérez Bua. |
| 260 |
_aMadrid : _b[s.n.], _c1919. |
||
| 852 |
_aES-MaACL _j1582-F-7 |
||
| 999 |
_c118670 _d118670 |
||